Guía de supervivencia del entrenador de fútbol: técnicas de entrenamiento y estrategias para elaborar una planificación eficaz y un equipo ganador

Sparad:
Bibliografiska uppgifter
Huvudupphovsmän: Warren, William E (Författare, medförfattare), Danner, George D (Författare, medförfattare)
Materialtyp: Bok
Språk:spanska
Publicerad: Barcelona Paidotribo 2004
Upplaga:1a. ed
Serie:Colección Fútbol
Ämnen:
Taggar: Lägg till en tagg
Inga taggar, Lägg till första taggen!

MARC

LEADER 00000nam a2200000 a 4500
001 UCG3349
003 CL-VaPUC
008 100826e20040000SP |||||||||||||||||spa|d
020 |a 8480197102 
082 0 4 |a 796.33  |b WAR  |2 21 
100 0 |a Warren, William E  |e author  |9 552419 
700 0 |a Danner, George D  |e author  |9 552420 
245 1 0 |a Guía de supervivencia del entrenador de fútbol: técnicas de entrenamiento y estrategias para elaborar una planificación eficaz y un equipo ganador 
250 |a 1a. ed 
300 |a 386 p 
942 |c BK 
945 |d 20100826 00:00:00  |a cmena 
260 |a Barcelona  |b Paidotribo  |c 2004 
650 0 |a Fútbol  |9 307513 
650 7 |a ENTRENAMIENTO ATLETICO  |2 CL-VaPUC  |9 552421 
650 7 |a EQUIPOS DE FUTBOL  |2 CL-VaPUC  |9 458180 
650 7 |a ENTRENADORES DE FUTBOL  |2 CL-VaPUC  |9 459073 
650 0 |a Relaciones interpersonales  |9 307056 
650 0 |a Planificación estratégica   |9 259735 
583 |a last modification  |c 20100826 00:00:00  |k Rodrigo Vera 
490 0 |a Colección Fútbol 
999 |c 342420  |d 342418 
952 |0 0  |1 1  |2 ddc  |4 0  |6 796_330000000000000_WAR_2004  |7 0  |8 C  |9 438600  |a BIBCUR  |b BIBCUR  |d 2019-11-22  |i 4708342  |l 1  |o 796.33 WAR 2004  |p 4708342  |r 2022-04-20  |s 2022-04-06  |w 2019-11-22  |y BK  |k DEN